000 00368 a2200157 4500
001 75102
020 _a
040 _cAnchieta - Colégio São Paulo
100 _aSilva, Barbara - Christine Nentwig
240 1 0 _aAtlas Escolar da Bahia
_lpor
245 1 0 _aAtlas Escolar da Bahia
300 _a200
362 0 _a2004
650 4 _aGeografia e viagens
942 _cBK
999 _c75102
_d75102